| 000 | 00477nam a22001577a 4500 | ||
|---|---|---|---|
| 003 | NUST | ||
| 038 | _a. | ||
| 082 | _a200 THE | ||
| 100 |
_aUsman Ghani _970031 |
||
| 110 | _aSupervisor Dr. Ali Hassan | ||
| 245 | _aTH-SOF-1202-Using A Mobile Platform For Detection And Classification Of MRCPs In Electroencephalogram (EEG) Signals | ||
| 260 |
_aIslamabad: _bNUST College of EME, _c2001. |
||
| 563 | _a. | ||
| 650 |
_a MS-COMPUTER ENGINEERING-77 _969779 |
||
| 942 |
_cTHE _2ddc |
||
| 999 |
_c577091 _d577091 |
||